Ultimate swiftie test - Statistics

General Stats
  • This quiz has been taken 8 times
  • The average score is 13 of 15
Answer Stats
Question Answer % Correct
Which album does you’re not sorry come from? Fearless
100%
Which album does question come from? Midnights
100%
Which album does enchanted come from? Speak now
100%
Which album does the out side come from? Taylor swift
100%
Which album does the smallest man whoever lived come from? The Tortured poets department
100%
Which album does now that we don’t talk come from? 1989
86%
Which album does gold rush come from? Evermore
86%
Which album does this is me trying come from? Folkore
86%
Which song does death by a thousand cuts come from? Lover
86%
Which album does maroon come from? Midnights
86%
Which album does all too well come from? Red
86%
Which album does ready for it come from? Reputation
86%
Which album does haunted come from? Speak now
86%
Which album does imgonnagetyouback come from? The tortured poets department
86%
What album does ours come from? Speak now
71%
No matching quizzes found
Score Distribution
Percent of People with Each Score
Percentile by Number Answered
Your Score History
You have not taken this quiz